000 00196nam a2200073Ia 4500
008 170817s9999 xx 000 0 und d
100 _aGoldstein.E.Bruce
245 0 _aPsychology Of Sensation And Perception
260 _bCengage Pub
999 _c38409
_d38409